| 000 | 00675 a2200241 4500 | ||
|---|---|---|---|
| 001 | 16750 | ||
| 999 |
_c16750 _d3465 |
||
| 003 | TR-AnTOB | ||
| 005 | 20200512155541.0 | ||
| 008 | 041102s2003 tu tur | ||
| 020 | _a9756981644 | ||
| 041 | _atur | ||
| 050 |
_aQ175 _b.B555 2003 |
||
| 090 | _aQ175 .B555 2003 | ||
| 245 | 0 |
_aBilimsel düşünce ve araştırmada etik / _ced.Sedef Gidener, Hülya Güven. |
|
| 264 | 1 |
_aİzmir : _bDokuz Eylül Yayınları, _c2003 |
|
| 300 |
_a357 p. ; _c24 cm. |
||
| 490 | 0 | _aDokuz Eylül Yayınları; İnceleme; 2 | |
| 650 |
_aBilim _xSosyal yönleri _98048 |
||
| 650 |
_aBilim _xFelsefe _98030 |
||
| 650 |
_aPhilosophy and science _98029 |
||
| 902 | _a0009744 | ||
| 942 | _cBK | ||